[Event "Terre degli Elimi op 3rd"]
[Site "Erice"]
[Date "2012.07.29"]
[Round "6"]
[White "Bocci, Alessandro"]
[Black "D'Eredita, Elena"]
[Result "1/2-1/2"]
[WhiteElo "1905"]
[BlackElo "1634"]
[PlyCount "50"]
[EventDate "2012.07.25"]
[EventType "swiss"]
[EventRounds "7"]
[EventCountry "ITA"]
[SourceTitle "EXT 2013"]
[Source "ChessBase"]
[SourceDate "2012.11.22"]
[SourceVersion "1"]
[SourceVersionDate "2012.11.22"]
[SourceQuality "1"]

1. d4 Nf6 2. c4 g6 3. Nc3 Bg7 4. e4 d6 5. Nf3 0-0 6. Be2 Re8 7. Bg5 h6 8. Bh4 g5 9. Bg3 Nh5 10. Qd2 Bg4 11. 0-0-0 Nc6 12. Qe3 f5 13. exf5 Bxf5 14. d5 Nb4 15. Nd4 Bxd4 16. Qxd4 Nf6 17. h4 e5 18. Qe3 Nc2 19. Qf3 Qd7 20. hxg5 hxg5 21. Nb1 Nd4 22. Qe3 Qa4 23. Bd3 Bxd3 24. Qxd3 Kg7 25. Nc3 Qd7 1/2-1/2

[Event "Terre degli Elimi op 3rd"]
[Site "Erice"]
[Date "2012.07.26"]
[Round "2"]
[White "D'Eredita, Elena"]
[Black "Ferrante, Marco"]
[Result "0-1"]
[WhiteElo "1634"]
[BlackElo "2190"]
[PlyCount "72"]
[EventDate "2012.07.25"]
[EventType "swiss"]
[EventRounds "7"]
[EventCountry "ITA"]
[SourceTitle "EXT 2013"]
[Source "ChessBase"]
[SourceDate "2012.11.22"]
[SourceVersion "1"]
[SourceVersionDate "2012.11.22"]
[SourceQuality "1"]

1. e4 d5 2. exd5 Qxd5 3. Nc3 Qa5 4. d4 Nf6 5. Bd2 c6 6. Nf3 Bf5 7. Be2 Nbd7 8. Ne4 Qb6 9. Ng3 Bg6 10. b3 e6 11. c4 c5 12. Be3 cxd4 13. Nxd4 Bb4+ 14. Kf1 Bc5 15. Nb5 Bxe3 16. fxe3 a6 17. Nd6+ Ke7 18. c5 Nxc5 19. Nc4 Qc7 20. Rc1 h5 21. Qd4 Ncd7 22. Bf3 Rad8 23. Qc3 b5 24. Qb4+ Qc5 25. Qxc5+ Nxc5 26. Ne5 Rc8 27. Ke2 h4 28. Nc6+ Rxc6 29. Bxc6 Nd3 30. Rcd1 hxg3 31. hxg3 Rc8 32. Bb7 Rd8 33. Bxa6 Bh5+ 34. Rxh5 Nxh5 35. Rxd3 Nxg3+ 36. Kd2 Ne4+ 0-1

[Event "ITA-ch U16 Girls"]
[Site "Porretta Terme"]
[Date "2011.07.03"]
[Round "2"]
[White "Balzano, Filli"]
[Black "D'Eredita, Elena"]
[Result "1-0"]
[WhiteElo "1822"]
[BlackElo "1608"]
[PlyCount "95"]
[EventDate "2011.07.03"]
[EventType "swiss"]
[EventRounds "8"]
[EventCountry "ITA"]
[SourceTitle "EXT 2024"]
[Source "ChessBase"]
[SourceDate "2023.10.10"]
[SourceVersion "1"]
[SourceVersionDate "2023.10.10"]
[SourceQuality "1"]

1. e4 c6 2. d4 d5 3. Nc3 dxe4 4. Nxe4 Bf5 5. Ng3 Bg6 6. Bc4 Nd7 7. N1e2 e6 8. 0-0 Bd6 9. f4 Ne7 10. Bd3 Bxd3 11. Qxd3 Nf6 12. f5 exf5 13. Nxf5 Nxf5 14. Rxf5 Qe7 15. Bg5 0-0-0 16. Raf1 c5 17. Qc4 Qe6 18. Qxe6+ fxe6 19. Rxf6 gxf6 20. Bxf6 Rhe8 21. Bxd8 Kxd8 22. Kh1 Kd7 23. g3 Kc6 24. Kg2 Kd5 25. dxc5 Kxc5 26. Rf7 Re7 27. Rxe7 Bxe7 28. Kf3 e5 29. Ke4 Kd6 30. Ng1 h6 31. Nf3 Bf6 32. g4 b5 33. h4 a5 34. g5 hxg5 35. hxg5 Bg7 36. Nh4 Ke6 37. Nf5 Bh8 38. g6 a4 39. g7 Bxg7 40. Nxg7+ Kd6 41. Nf5+ Kc5 42. Kxe5 Kb4 43. c3+ Kc4 44. Ne3+ Kc5 45. Nc2 Kc4 46. Ke4 Kc5 47. Kd3 Kd5 48. b3 1-0